[Event "T Nagar FIDE"]
[Site "Chennai"]
[Date "1999.11.18"]
[Round "5"]
[White "Suresh, Kumar TJ"]
[Black "Siddarth, R."]
[Result "1-0"]
[WhiteElo "2205"]
[BlackElo "2081"]
[PlyCount "77"]
[EventDate "1999.11.15"]
[EventType "swiss"]
[EventRounds "9"]
[EventCountry "IND"]
[SourceTitle "EXT 2002"]
[Source "ChessBase"]
[SourceDate "2001.11.25"]
[SourceVersion "1"]
[SourceVersionDate "2001.11.25"]
[SourceQuality "1"]

1. e4 c5 2. Nf3 d6 3. d4 cxd4 4. Nxd4 Nf6 5. Nc3 a6 6. f4 Qb6 7. Be2 e5 8. Nb3 Be7 9. a4 Nbd7 10. a5 Qc7 11. 0-0 0-0 12. Kh1 Nc5 13. Nxc5 dxc5 14. Qe1 Bd7 15. Qg3 Bc6 16. Bf3 Bd6 17. f5 Kh8 18. Bg5 Nd7 19. Qh4 f6 20. Be3 Rfd8 21. Bh5 Nf8 22. Rf3 Be8 23. Nd5 Qd7 24. Nb6 Qc7 25. Nxa8 Rxa8 26. Bxe8 Rxe8 27. Rff1 Rd8 28. Rfd1 Be7 29. Qe1 Nd7 30. Rd5 Nb8 31. Rad1 Rc8 32. Qc3 Bf8 33. h3 Be7 34. b4 c4 35. Bc5 h6 36. Qd2 Kh7 37. c3 Kg8 38. Bxe7 Qxe7 39. Rd8+ 1-0